00618nam a2200169 a 450000100100000000500170001000800410002704000250006808200170009310000330011024501180014326000470026130000280030850000720033665000210040865000190042900004264820240510073820.0140203s2006 dr a 001 0 spa d aDO-SdBNPbspacBNPHU a248.4bG643c1 aGonzález de Peña, Rafael13aLa clave de la felicidad :bdescubra cinco principios para encontrar su felicidad /cRafael González de Peña. aSanto Domingo :bSeveral solutions,c2006. a139 p. :bil. ;c22 cm. aIncluye datos biográficos del autor en las solapa de la cubierta. 4aEvangelización 0aVida cristiana